| 000 | 01096nam a2200205 a 4500 | ||
|---|---|---|---|
| 005 | 20231128063801.0 | ||
| 008 | 060821s1982 mx r 000 0 spa d | ||
| 035 | _aUPN01000146383 | ||
| 049 | _aCG | ||
| 050 | 4 |
_aLB2826.6 M6 _bM3.2 |
|
| 100 | 1 | _aMartínez Hernández, Joel | |
| 245 | 1 | 0 |
_aAnálisis comparativo de las dos escuelas que funcionan en la congregación de Cuatzapotitla perteneciente al municipio de Chicontepec del estado de Veracruz = _bTlajtlachilistli tlen kenijkatsa monejnemiltia ome kaltlamachtilistli ipan Kuatsapotitla nechikolchinantli tlen tlatilantli Chikontepek altepetl uan tlatskitok ipan Veracruz tlali / _cJoel Martínez Hernández. |
| 260 |
_aMéxico : _bSEP : _bINI, _c1982. |
||
| 300 | _a127 p. | ||
| 440 | 0 |
_aEtnolingüística ; _v14. _pCuadernos de información y divulgación para maestros bilingües |
|
| 500 | _aA la cabeza de la portada : programa de formación profesional de etnolingüísticas. SEP. INI. CIESAS | ||
| 650 | 4 |
_aESCUELAS - _xDIRECCION Y ORGANIZACION - _zVERACRUZ _94712 |
|
| 650 | 4 |
_aIndígenas de México _xEducación _910 |
|
| 905 | _aLibro | ||
| 999 |
_c118529 _d118529 |
||